Anuario de Derecho Civil de la facultad de Derecho y Ciencias Sociales Aǫ acadm̌ico 2007 y 2008 Tomo XI

Detalles Bibliográficos
Formato: Capítulo de libro
Lenguaje:español
Publicado: [Argentina] : Alveroni Ediciones, 2011
Materias:
Acceso en línea:Acceso restringido

MARC

LEADER 00000naa a22000007a 4500
005 20110823124358.0
007 cr|||| ||||
008 110823t2011 ag ||||sn||| 001 0 spa|d
035 |a 6071 
040 |a vLex 
090 |c 2798  |d 2798 
245 0 0 |a Anuario de Derecho Civil de la facultad de Derecho y Ciencias Sociales   |b Aǫ acadm̌ico 2007 y 2008   |h [Recurso electrn̤ico] :  |p Tomo XI 
256 |a Servicio en ln̕ea. 
260 |a [Argentina] :  |b Alveroni Ediciones,  |c 2011 
300 |a 220 p. 
506 1 |a Contenido solo disponible en los productos indicados  |d vLex Global   |d vLex Global (Academic Edition, excluding Law Schools)   |d vLex Global (U.S. Academic Edition, Law Schools)   |d vLex Global (U.S. Academic Edition, excluding Law Schools)   |d vLex Global (Academic Edition, Law Schools)  
650 0 4 |a Derecho civil 
740 0 |a vLex Libros (Servicio en ln̕ea) 
856 4 0 |u http://vlex.com/source/6071  |z Acceso restringido 
942 |c BOOK